Strategické cíle informačních technologií

Prínos IT k zvýšeniu konkurencieschopnosti firmy. Tlak vrcholového managementu na strategický súlad rozvoja aplikácií IT vo firme s jej podnikateľskými zámermi. Ochrana proti vplyvu konkurenčných síl. Elektronické podnikanie a medziorganizačné informačné systémy IOS. Možnosti aplikácie IOS.

Salvato in:
Dettagli Bibliografici
Autore principale: Pitra, Zbyněk
Natura: Capitolo di libro
Lingua:ceco
Soggetti:
Tags: Aggiungi Tag
Nessun Tag, puoi essere il primo ad aggiungerne!!

MARC

LEADER 00000naa a2200000 4500
001 r037878
005 20231002100636.2
041 0 |a cze 
044 |a CZ 
245 1 0 |a Strategické cíle informačních technologií  |c Zbyněk Pitra 
520 |a Prínos IT k zvýšeniu konkurencieschopnosti firmy. Tlak vrcholového managementu na strategický súlad rozvoja aplikácií IT vo firme s jej podnikateľskými zámermi. Ochrana proti vplyvu konkurenčných síl. Elektronické podnikanie a medziorganizačné informačné systémy IOS. Možnosti aplikácie IOS. 
610 2 0 |a technológie informačné 
610 2 0 |a metódy riadenia 
610 2 0 |a stratégia informačná 
610 2 0 |a stratégia podniková 
610 2 0 |a stratégia marketingová 
610 2 0 |a konkurencieschopnosť 
610 2 0 |a systémy informačné 
610 2 0 |a manažment strategický 
610 2 0 |a podnikanie 
100 1 |a Pitra, Zbyněk